| 000 | 00782nam a22002177a 4500 | ||
|---|---|---|---|
| 005 | 20230502130023.0 | ||
| 008 | 230502b ny |||||||| |||| 00| 0 eng d | ||
| 020 | _a0345247116195 | ||
| 050 | 0 | 4 |
_aTX392 _bM66 1976 |
| 100 | 1 |
_aMoore Lappé, Frances _d1944- |
|
| 245 | 1 | 0 |
_aDiet for a small planet / _cFrances Moore Lappé ; illustrated by Kathleen Zimmerman and Ralph Iwamoto. |
| 260 |
_aNew York : _bBallantine Books, _c1976 |
||
| 300 |
_a xix, 411 páginas : _bilustraciones ; _c18 cm. |
||
| 490 | _aBallantine/cookbook | ||
| 650 | 7 |
_2lemb _aVegetarianismo |
|
| 650 | 7 |
_2lemb _aProteínas en la nutrición humana |
|
| 650 | 7 |
_2lemb _aCocina vegetariana |
|
| 700 | 1 |
_aZimmerman, Kathleen _eilustraciones |
|
| 700 | 1 |
_aIwamoto, Ralph _eilustraciones |
|
| 942 |
_2lcc _cLIB |
||
| 999 |
_c167117 _d167115 |
||